000 00275nam a22001217a 4500
008 170630b xxu||||| |||| 00| 0 eng d
041 _aeng
080 _a030
100 _a22
101 _aGJL
245 _aGREAT BOOKS OF THE WESTERN WORLD
_cHUTCHINS, R.M
942 _2udc
_cBK
999 _c19786
_d19786